Statistics for Colors By Other Meaning

Click here to take the quiz!

General Stats

  • This quiz has been taken 16 times
  • The average score is 13 of 15

Answer Stats

Hint Color % Correct
English Boy BandBlue
100%
Seeing _____ (When your angry)Red
100%
Song by ColdplayYellow
100%
FruitOrange
100%
Make Less Harmful or more Sensitive to The Environment.Green
100%
Song by Pearl JamBlack
100%
The Visible Pale Part of The Eyeball Around The Iris.White
100%
American singer, songwriter, and actressPink
92%
Mattress CompanyPurple
92%
To Have Dark Colored SkinBrown
92%
Dull, Unpleasant, or DifficultGrey
85%
What Pale People get after being in the sun to longTan
77%
A Small Freshwater DuckTeal
77%
Naval Warfare ServiceNavy
38%
Canadian Book Store ChainIndigo
23%

Score Distribution

Percentile by Number Answered

Percent of People with Each Score

Your Score History

You have not taken this quiz